000 00318 a2200109 4500
001 ART_44222
005 20260410161842.0
008 260409a
245 1 0 _aEl apremio y los recursos extraordinarios locales
100 1 _aTulia, Mauro A.
773 0 _tRAP
_g- Año 39, Nº 467 (ago. 2017)
_wREV5941
999 _c24230
_d24230